00489nam a2200157Ia 450000500170000000800410001708200170005810000170007524500350009226000350012730000130016250000360017594200060021195200990021799900150031620250707024947.0240331s9999 xx 000 0 und d a302.234bTHE aThevathas, T 0aIlankait Tamil cinemavin katai aColombobVST Publicationc2015 a305 p ., aStory of Sri Lankan Tamil films cL 001040708LaWERCLbWERCLcSSCd2024-03-31l0o 302.234 THEp3411r2024-03-31w2024-03-31yL c1190d1190